000 00356nam a2200133Ia 4500
008 210210b1977 xxu||||| |||| 00| 0 eng d
082 _aS891.6 CHID
100 _aCHINMAYANANDA (Swami)
245 _aDiscourses on mundakopanishad
260 _aMadras
_bChinmaya publications trust.
_c1977
300 _a164
690 _aSanskrit Prakirana
906 _a033727
999 _c84620
_d84620